000 00537nam a2200193Ia 4500
005 20250326142522.0
008 250326s9999 xx 000 0 und d
037 _aTextbook
040 _aFMSL
_beng
_cFMSL
041 _aeng
_2eng
084 _aX:8ogB28 M8
_qFMSL
100 _aRender B
_9741658
245 0 _aQuantitative analysis for management
_cRender B; Stair R M
250 _a3
260 _aBoston
_bBoston, Allyn and Bacon
_c1988
300 _a812p
942 _cTB
_hX:8ogB28 M8
999 _c1295406
_d1295406